[Event "Tournoi Skype 028B"]
[Site "Skype"]
[Date "????.??.??"]
[Round "4.42"]
[White "Escudero Ocana, Francisco"]
[Black "Berbedes, Jorgelina"]
[Result "0-1"]
[WhiteElo "1398"]
[BlackElo "1061"]
[PlyCount "80"]

1. c4 e6 2. Nc3 d5 3. e3 Nc6 4. d4 Nf6 5. Bd3 Bd6 6. cxd5 exd5 7. Nge2 Nb4 8.
O-O Nxd3 9. Qxd3 O-O 10. e4 Nxe4 11. Nxe4 Bf5 12. N2g3 dxe4 13. Qe3 Qh4 14. f4
exf3 15. Rxf3 Bg4 16. Rf2 Be6 17. Qc3 h5 18. Bd2 Rfd8 19. b3 Bxg3 20. Qxg3 Qxg3
21. hxg3 Rxd4 22. Bf4 c6 23. Re1 a6 24. Re5 Rd1+ 25. Kh2 Rd5 26. Re4 a5 27. Bc7
b5 28. a3 Rd7 29. Bb6 Bxb3 30. Rh4 Bd1 31. Kh3 Bg4+ 32. Kh2 g5 33. Rh3 b4 34.
axb4 axb4 35. Rf1 b3 36. Kg1 b2 37. Rb1 Ra1 38. Rxa1 bxa1=Q+ 39. Kf2 Rd2+ 40.
Ke3 Qe1# 0-1

[Event "Tournoi Skype 028B"]
[Site "Skype"]
[Date "????.??.??"]
[Round "4.43"]
[White "Luunge, Abdi"]
[Black "Bland, Marilyn"]
[Result "1-0"]
[WhiteElo "1320"]
[BlackElo "1000"]
[PlyCount "43"]

1. d4 d5 2. Nc3 Nf6 3. Bf4 Na6 4. Nf3 e6 5. a3 Bd6 6. e3 O-O 7. Bd3 Bd7 8. O-O
Qe7 9. Re1 Rfe8 10. Bg5 h6 11. Bxf6 Qxf6 12. e4 Bf4 13. g3 Bg5 14. exd5 h5 15.
Ne4 Qf5 16. Nexg5 Qf6 17. Nh7 Qh6 18. Ne5 Bb5 19. c4 Bxc4 20. Nxc4 h4 21. Qf3
f6 22. Ne3 1-0

[Event "Tournoi Skype 028B"]
[Site "Skype"]
[Date "????.??.??"]
[Round "4.44"]
[White "Tolaro, Filippa"]
[Black "Battaglia, Gabriele"]
[Result "0-1"]
[WhiteElo "1065"]
[BlackElo "1245"]
[PlyCount "54"]

1. Nf3 d5 2. d4 Nf6 3. e3 g6 4. Bd3 Bg7 5. b3 O-O 6. Bb2 Bg4 7. Nbd2 Nbd7 8. h3
Bxf3 9. Nxf3 e6 10. O-O Qe7 11. Rc1 c5 12. c4 dxc4 13. bxc4 Rfd8 14. Ba3 Qd6
15. Qc2 e5 16. Be4 Nxe4 17. Qxe4 b6 18. Rfd1 Nf6 19. dxe5 Qxd1+ 20. Rxd1 Rxd1+
21. Kh2 Nxe4 22. g3 Nxf2 23. h4 Ng4+ 24. Kg2 Nxe3+ 25. Kf2 Nxc4 26. Ke2 Rad8
27. Bb2 Nxb2 0-1

[Event "Tournoi Skype 028B"]
[Site "Skype"]
[Date "????.??.??"]
[Round "4.45"]
[White "Chavez, Isidro"]
[Black "Arias, Iliak"]
[Result "1-0"]
[WhiteElo "1227"]
[BlackElo "1000"]
[PlyCount "51"]

1. d4 d5 2. Nc3 c6 3. e4 e6 4. e5 Bb4 5. a3 Bxc3+ 6. bxc3 Ne7 7. h3 O-O 8. Bd3
Nd7 9. Qh5 Ng6 10. Bg5 Nf6 11. exf6 gxf6 12. Bh4 Kh8 13. Nf3 Rg8 14. Ne5 Rg7
15. Nxg6+ fxg6 16. Qf3 g5 17. Bg3 Bd7 18. h4 Qe7 19. hxg5 fxg5 20. Be5 Rf8 21.
Rxh7+ Kg8 22. Rxg7+ Qxg7 23. Qh3 Qe7 24. Kd2 Rxf2+ 25. Ke3 Rf3+ 26. gxf3 1-0

[Event "Tournoi Skype 028B"]
[Site "Skype"]
[Date "????.??.??"]
[Round "4.46"]
[White "Malbec, Robert"]
[Black "Franca, Adilson Mendes"]
[Result "1/2-1/2"]
[WhiteElo "1214"]
[BlackElo "1000"]
[PlyCount "127"]

1. e4 e5 2. Nf3 Nc6 3. Bc4 Nf6 4. Ng5 d5 5. exd5 Nxd5 6. Nxf7 Kxf7 7. Qf3+ Qf6
8. Bxd5+ Be6 9. Bxe6+ Kxe6 10. Qxf6+ Kxf6 11. d3 Nd4 12. Kd1 Be7 13. c3 Nf5 14.
h4 Kf7 15. g3 Rhe8 16. Nd2 Rad8 17. Kc2 Bc5 18. Ne4 Bb6 19. a4 a5 20. g4 Ne7
21. Be3 Bxe3 22. fxe3 Nd5 23. Rae1 b6 24. Nd2 Kg8 25. Nc4 Rb8 26. Rhf1 Rf8 27.
e4 Rxf1 28. Rxf1 Nf4 29. Nxe5 Ng2 30. h5 Ne3+ 31. Kd2 Nxf1+ 32. Ke2 Re8 33. Nf3
Ng3+ 34. Kf2 Nxe4+ 35. dxe4 Rxe4 36. Kg3 Rxa4 37. Ne5 Ra2 38. Nd3 c5 39. c4 a4
40. Kf3 a3 41. bxa3 Rxa3 42. Ke4 Ra4 43. Kd5 Ra3 44. Ne5 Rb3 45. Nd7 b5 46.
cxb5 Rxb5 47. Nxc5 h6 48. Kc4 Rb1 49. Kd5 Rg1 50. Ke5 Rxg4 51. Ne4 g6 52. Nf6+
Kg7 53. Nxg4 gxh5 54. Nxh6 Kxh6 55. Kf4 Kg6 56. Kg3 Kg5 57. Kh3 h4 58. Kh2 Kg4
59. Kg2 Kh5 60. Kh3 Kg5 61. Kg2 Kg4 62. Kh2 h3 63. Kh1 h2 64. Kxh2 1/2-1/2

[Event "Tournoi Skype 028B"]
[Site "Skype"]
[Date "????.??.??"]
[Round "4.47"]
[White "Ruiz Gomez, Luz Alba"]
[Black "Gomez Caballero, Blas"]
[Result "0-1"]
[WhiteElo "1190"]
[BlackElo "1000"]
[PlyCount "120"]

1. d4 d5 2. Bf4 e6 3. e3 a6 4. Nf3 Nf6 5. Nbd2 Bd6 6. Bg3 O-O 7. Bd3 Nc6 8. c3
Re8 9. O-O Bxg3 10. hxg3 e5 11. e4 Bg4 12. Qc2 Bxf3 13. Nxf3 exd4 14. exd5 Ne5
15. Nxe5 Rxe5 16. cxd4 Rxd5 17. Qc4 Rxd4 18. Bxh7+ Kxh7 19. Qxf7 Rd7 20. Qb3 b6
21. Qf3 Rb8 22. Rae1 Rd6 23. g4 Kg8 24. g5 Nh7 25. Qh5 Qxg5 26. Re8+ Rxe8 27.
Qxe8+ Nf8 28. Re1 Rh6 29. Re7 Qg6 30. Qc8 c5 31. Qxa6 Qh5 32. Kf1 Qh1+ 33. Ke2
Qxg2 34. Qc4+ Kh7 35. Qd3+ Rg6 36. Qe3 Qg4+ 37. Kd2 Ne6 38. Kc2 Nd4+ 39. Kc3
Nb5+ 40. Kc2 Qc4+ 41. Kd2 Qb4+ 42. Kd3 Qd4+ 43. Qxd4 cxd4 44. a4 Nd6 45. Kxd4
Rg2 46. Kd5 Nf5 47. Ke6 Nxe7 48. Kxe7 Rxf2 49. b4 Rb2 50. a5 b5 51. a6 Ra2 52.
Kd7 Rxa6 53. Kc7 Ra4 54. Kc6 Rxb4 55. Kb6 Rb1 56. Kc5 g5 57. Kd4 b4 58. Kd3 g4
59. Ke2 b3 60. Kf2 Kh6 0-1

[Event "Tournoi Skype 028B"]
[Site "Skype"]
[Date "????.??.??"]
[Round "4.48"]
[White "Yanez, Leticia Jorgelina"]
[Black "Gomez Zuluaga, Jorge Adiel"]
[Result "0-1"]
[WhiteElo "1147"]
[BlackElo "1000"]
[PlyCount "54"]

1. e4 e5 2. Nf3 Nf6 3. c3 Nxe4 4. Nxe5 Qe7 5. d4 d6 6. Bf4 dxe5 7. dxe5 Bf5 8.
Bb5+ Nc6 9. Bxc6+ bxc6 10. Qb3 Qc5 11. O-O Qb6 12. Qc2 Bc5 13. Qe2 Rd8 14. b4
Bxf2+ 15. Kh1 g6 16. Na3 a6 17. Rad1 Rxd1 18. Rxd1 Nxc3 19. Nc4 Qxb4 20. Qd2
O-O 21. Qxf2 Nxd1 22. Qe2 Rd8 23. Bd2 Qb1 24. Be1 Bd3 25. Qg4 Nf2+ 26. Kg1 Nxg4
27. h3 Qxe1# 0-1

[Event "Tournoi Skype 028B"]
[Site "Skype"]
[Date "????.??.??"]
[Round "4.49"]
[White "Torres, Vicky"]
[Black "Pourtahmasbi, Ednun"]
[Result "1-0"]
[WhiteElo "1055"]
[BlackElo "1125"]
[PlyCount "87"]

1. c4 e5 2. Nc3 Nc6 3. e3 Nf6 4. Nf3 Bb4 5. Bd3 Bxc3 6. dxc3 e4 7. Nd4 exd3 8.
Qxd3 O-O 9. O-O d5 10. Nxc6 bxc6 11. Qe2 Be6 12. b3 Ne4 13. Ba3 Nxc3 14. Qd3
dxc4 15. Qxc3 Re8 16. bxc4 Qg5 17. g3 f5 18. f4 Qg6 19. Rac1 h5 20. Kf2 Qh6 21.
Rh1 g5 22. Qd4 Red8 23. Qe5 Rd2+ 24. Ke1 h4 25. Bb2 Rdd8 26. Qf6 Qxf6 27. Bxf6
Rd3 28. Ke2 Rd6 29. Bxg5 hxg3 30. hxg3 Rb8 31. Rc2 Rb4 32. c5 Bc4+ 33. Rxc4
Rb2+ 34. Kf3 Rdd2 35. Rf1 Rd3 36. Bf6 Rxa2 37. Rc3 Rd5 38. Rb3 Ra5 39. Bd4 Kf7
40. Rb7 Ke6 41. Rxc7 Rxd4 42. Rxc6+ Kd5 43. Rd6+ Kc4 44. Rxd4+ 1-0

[Event "Tournoi Skype 028B"]
[Site "Skype"]
[Date "????.??.??"]
[Round "4.50"]
[White "Trapletti, Cosetta"]
[Black "Conde, Abigail"]
[Result "0-1"]
[WhiteElo "1026"]
[BlackElo "1117"]
[PlyCount "62"]

1. d4 d5 2. Nf3 e6 3. Bf4 Nf6 4. Nbd2 Nbd7 5. e3 Bd6 6. Bd3 a6 7. h3 Qe7 8.
Bxd6 Qxd6 9. a3 e5 10. e4 exd4 11. Nxd4 dxe4 12. Nxe4 Qxd4 13. Qe2 O-O 14. c3
Qd5 15. h4 Re8 16. f3 Nh5 17. g3 Nxg3 18. Nxg3 Rxe2+ 19. Bxe2 Nc5 20. b4 Qe5
21. Rg1 Qxc3+ 22. Kd1 Qxa1+ 23. Kd2 Qd4+ 24. Kc2 Be6 25. Rd1 Bb3+ 26. Kc1 Qe3+
27. Kb2 Na4+ 28. Kb1 Qc3 29. Rd8+ Rxd8 30. Nf1 Qe1+ 31. Bd1 Qxd1# 0-1

[Event "Tournoi Skype 028B"]
[Site "Skype"]
[Date "????.??.??"]
[Round "4.52"]
[White "Rivalta, Paolo"]
[Black "Huerta, Jesus"]
[Result "1/2-1/2"]
[WhiteElo "1101"]
[BlackElo "1000"]
[PlyCount "122"]

1. e4 e5 2. Nf3 Nc6 3. Bc4 Nf6 4. d3 g6 5. Nc3 Bg7 6. O-O h6 7. b3 d6 8. Bb2
O-O 9. h3 Nd4 10. Nxd4 exd4 11. Nd5 c6 12. Nxf6+ Bxf6 13. b4 d5 14. Bb3 Qb6 15.
Qd2 Be6 16. Rfe1 Bg5 17. f4 Bh4 18. Rf1 dxe4 19. dxe4 d3+ 20. Kh1 dxc2 21. Bxc2
Rad8 22. Qd3 f6 23. Bb3 Bxb3 24. Qxb3+ Kg7 25. Kh2 Qc7 26. g3 Rd2+ 27. Kh1 Bxg3
28. Bc1 Rh2+ 29. Kg1 Qb6+ 30. Be3 Qb5 31. Qd1 Qxb4 32. Qd7+ Rf7 33. Qg4 Qxe4
34. Rf3 Rb2 35. Qxg3 Rb1+ 36. Rxb1 Qxb1+ 37. Rf1 Qd3 38. f5 g5 39. h4 b5 40.
Rf3 Qb1+ 41. Rf1 Qxa2 42. Rf2 Qd5 43. Qg4 a5 44. hxg5 fxg5 45. Bd4+ Kh7 46. Qh5
Rxf5 47. Rxf5 Qxf5 48. Qe8 c5 49. Qe7+ Kg6 50. Bxc5 a4 51. Qd6+ Kh5 52. Qh2+
Kg4 53. Bf2 Kf3 54. Qg3+ Ke2 55. Qe3+ Kd1 56. Qe1+ Kc2 57. Qe2+ Kc3 58. Be1+
Kd4 59. Bb4 Qb1+ 60. Kf2 Qxb4 61. Qe3+ Kd5 1/2-1/2

[Event "Tournoi Skype 028B"]
[Site "Skype"]
[Date "????.??.??"]
[Round "4.54"]
[White "Almendares, Maximo"]
[Black "Ruiz Aguilera, Juan Jesus"]
[Result "1-0"]
[WhiteElo "1000"]
[BlackElo "1083"]
[PlyCount "81"]

1. e4 e5 2. Nf3 d6 3. c3 Be6 4. d4 c6 5. Ng5 h6 6. Nxe6 fxe6 7. dxe5 dxe5 8.
Qh5+ Kd7 9. Qxe5 Qc7 10. Qd4+ Qd6 11. Qa4 e5 12. Be2 Nf6 13. Nd2 Kc7 14. O-O
Nbd7 15. Rd1 Nc5 16. Qc2 Qe6 17. b4 Ncd7 18. b5 Rd8 19. bxc6 bxc6 20. Nc4 Nb6
21. Be3 Nxc4 22. Bxc4 Qxc4 23. Bxa7 Qxe4 24. Qb2 Nd7 25. Rab1 Bb4 26. cxb4 Qc4
27. a3 Ra8 28. Rbc1 Qb5 29. Be3 Rhc8 30. Qb3 Ra6 31. Qf7 Rd8 32. Qxg7 Rxa3 33.
Bxh6 Qxb4 34. Bg5 Qf8 35. Qg6 Re8 36. Qxc6+ Kb8 37. Qb5+ Ka8 38. Qc6+ Kb8 39.
Qc7+ Ka8 40. Rxd7 Rc8 41. Qb7# 1-0

[Event "Tournoi Skype 028B"]
[Site "Skype"]
[Date "????.??.??"]
[Round "4.57"]
[White "Mira Poveda, Jose Antonio"]
[Black "Montilla Bejarano, Carmen"]
[Result "0-1"]
[WhiteElo "1000"]
[BlackElo "1073"]
[PlyCount "66"]

1. e4 e5 2. f3 c5 3. Bc4 Nc6 4. Nc3 Na5 5. Bb5 a6 6. Ba4 b5 7. Bb3 c4 8. Bxc4
bxc4 9. d4 exd4 10. Qxd4 Ne7 11. Bg5 f6 12. Bxf6 gxf6 13. Qxf6 Rg8 14. O-O-O
Bb7 15. Nh3 Bg7 16. Qf4 Rf8 17. Qg5 Rf7 18. Nf4 Bf6 19. Qh5 Qc7 20. Ncd5 Bxd5
21. Nxd5 Nxd5 22. Qxd5 Rd8 23. e5 Qxe5 24. Rhe1 Bg5+ 25. Kb1 Qxe1 26. Rxe1+ Be7
27. Qxa5 Rf6 28. Re4 Rd6 29. Qh5+ Kf8 30. Rf4+ Bf6 31. Qh6+ Ke8 32. Re4+ Be7
33. Kc1 Rxh6 0-1

[Event "Tournoi Skype 028B"]
[Site "Skype"]
[Date "????.??.??"]
[Round "4.58"]
[White "Clayton, Estelita"]
[Black "Vasquez Donaire, Ivis Godofredo"]
[Result "1-0"]
[WhiteElo "1072"]
[BlackElo "1000"]
[PlyCount "81"]

1. c4 c5 2. d3 d5 3. e3 Nf6 4. h3 e6 5. Be2 Bd6 6. Nf3 O-O 7. O-O Nc6 8. a3 d4
9. Bd2 Ne5 10. Nxe5 Bxe5 11. f4 Bc7 12. e4 e5 13. f5 Qd6 14. Kh1 Re8 15. Qe1
Rb8 16. Rf2 b5 17. Bc1 bxc4 18. dxc4 Nxe4 19. Rf3 Bb7 20. Rd3 Qf6 21. Bf3 Qxf5
22. Bxe4 Bxe4 23. Rd2 Re6 24. Rf2 Qg6 25. Qg1 Bf5 26. Nd2 e4 27. Nf1 d3 28. Ne3
Rf6 29. Nd5 Re6 30. Nxc7 Rd6 31. Nd5 Qh5 32. Ne7+ Kh8 33. Nxf5 Rg6 34. Bf4 Qxf5
35. Bxb8 Qc8 36. Bxa7 Re6 37. Rxf7 g5 38. Rf5 h6 39. Bxc5 Rg6 40. Rf8+ Kg7 41.
Rxc8 1-0

[Event "Tournoi Skype 028B"]
[Site "Skype"]
[Date "????.??.??"]
[Round "4.59"]
[White "Souza, Jeferson De Oliveira"]
[Black "Dib, Catherine"]
[Result "0-1"]
[WhiteElo "1000"]
[BlackElo "1070"]
[PlyCount "72"]

1. e4 c5 2. Bc4 e6 3. c3 Nc6 4. d4 cxd4 5. cxd4 Nf6 6. Nc3 Bb4 7. Qb3 O-O 8. e5
Ne4 9. Nge2 a5 10. O-O a4 11. Nxa4 d5 12. Bd3 Bd7 13. Bxe4 dxe4 14. Qg3 Ne7 15.
Bh6 Ng6 16. Bg5 Qe8 17. Nf4 Bxa4 18. Nxg6 hxg6 19. f4 Be7 20. Bf6 gxf6 21. f5
g5 22. exf6 Bxf6 23. fxe6 Qxe6 24. h4 Bxd4+ 25. Kh1 f6 26. hxg5 f5 27. Qh4 Qf7
28. Rf4 Be5 29. Qh6 Bxf4 30. Rf1 Be5 31. g6 Qg7 32. Qh5 Rf6 33. g4 Rxg6 34.
Rxf5 Bf6 35. g5 Bxg5 36. Rxg5 Rxg5 0-1

[Event "Tournoi Skype 028B"]
[Site "Skype"]
[Date "????.??.??"]
[Round "4.60"]
[White "Rodriguez Tovar, Liliana"]
[Black "Homme, Jim"]
[Result "0-1"]
[WhiteElo "1000"]
[BlackElo "1066"]
[PlyCount "84"]

1. e4 e5 2. Nf3 Nc6 3. c4 Nf6 4. Nc3 Bc5 5. d3 O-O 6. Bg5 Be7 7. Be2 d6 8. O-O
Bg4 9. h3 Bxf3 10. Bxf3 Nd4 11. Bg4 Nxg4 12. Bxe7 Qxe7 13. Qxg4 Nc2 14. Nd5 Qd8
15. Rac1 c6 16. Nf6+ Qxf6 17. Rxc2 b6 18. Qd7 Rfc8 19. Qb7 Qd8 20. Qa6 Rc7 21.
c5 dxc5 22. Rd1 Qc8 23. Qc4 Rd7 24. Qc3 Qd8 25. Rcd2 Rd6 26. b4 cxb4 27. Qxe5
Rc8 28. Qg3 Rg6 29. Qf3 Qg5 30. d4 Rd6 31. e5 Rd7 32. e6 fxe6 33. Qb3 Qe7 34.
f4 Kh8 35. Rf2 Rcd8 36. Qc2 Rxd4 37. Rxd4 Rxd4 38. Qxc6 Rd8 39. f5 exf5 40.
Rxf5 Qe1+ 41. Kh2 Qe7 42. h4 Qxh4+ 0-1

[Event "Tournoi Skype 028B"]
[Site "Skype"]
[Date "????.??.??"]
[Round "4.61"]
[White "Quiel, Aristoteles"]
[Black "Baker, Abi"]
[Result "0-1"]
[WhiteElo "1000"]
[BlackElo "1188"]
[PlyCount "58"]

1. e4 Nf6 2. Nc3 d5 3. exd5 g6 4. Bc4 Bg4 5. Nf3 Bg7 6. h3 Bxf3 7. Qxf3 O-O 8.
d4 Ne8 9. Be3 Nd6 10. Bb3 a5 11. a4 c6 12. dxc6 Nxc6 13. O-O Qe8 14. Rad1 e5
15. Qg3 Qe7 16. Rfe1 Rae8 17. Nd5 Qd7 18. Bg5 Nf5 19. Qh2 Nfxd4 20. Bf6 Bxf6
21. Nxf6+ Kg7 22. Nxd7 Nxb3 23. Nxf8 Kxf8 24. cxb3 f5 25. Rd7 Nd4 26. Rxe5 Rc8
27. Rxd4 Rc1+ 28. Rd1 Rxd1+ 29. Re1 Rxe1# 0-1

[Event "Tournoi Skype 028B"]
[Site "Skype"]
[Date "????.??.??"]
[Round "4.62"]
[White "Jimenez Del Rosario, Alsis Raynely"]
[Black "Schnell, Nicolas"]
[Result "1-0"]
[WhiteElo "1000"]
[BlackElo "1099"]
[PlyCount "85"]

1. d4 Nc6 2. d5 Ne5 3. e4 e6 4. c4 Bc5 5. Bf4 Qh4 6. g3 Bb4+ 7. Nd2 Qe7 8. Bxe5
Qg5 9. Ngf3 Qe7 10. Bxg7 exd5 11. e5 d6 12. Bxh8 Bg4 13. Be2 dxe5 14. Qa4+ c6
15. cxd5 Rd8 16. Bxe5 Rxd5 17. O-O Bxd2 18. Rad1 Nh6 19. Rfe1 b5 20. Qc2 Nf5
21. Rxd2 Nxg3 22. hxg3 Rd7 23. Rxd7 Qxd7 24. Bf4 Qe6 25. Bc4 bxc4 26. Rxe6+
Bxe6 27. Qe2 Ke7 28. Nd4 c5 29. Nxe6 fxe6 30. Qxc4 Kf7 31. Qxc5 h5 32. Qxh5+
Kf6 33. g4 e5 34. Qxe5+ Kg6 35. Qg5+ Kf7 36. Qh6 Kg8 37. g5 Kf7 38. g6+ Kf6 39.
g7+ Kf5 40. g8=Q Ke4 41. Qge6+ Kf3 42. Qe3+ Kg4 43. Qg5# 1-0

[Event "Tournoi Skype 028B"]
[Site "Skype"]
[Date "????.??.??"]
[Round "4.64"]
[White "Orellana, Claudia"]
[Black "Ramirez, Luis Antonio"]
[Result "0-1"]
[WhiteElo "1000"]
[BlackElo "1075"]
[PlyCount "56"]

1. e4 e6 2. Nc3 c5 3. d3 Nf6 4. Bf4 d6 5. Nf3 h6 6. e5 dxe5 7. Nb5 exf4 8. Ne5
Qe7 9. c3 Nbd7 10. Nc4 a6 11. Nc7+ Kd8 12. Nxa8 Nd5 13. Be2 Qg5 14. Qa4 Qxg2
15. Rf1 f3 16. O-O-O fxe2 17. Rfe1 Qxf2 18. Rh1 Ne3 19. Nxe3 Qxe3+ 20. Kb1 Bd6
21. Qh4+ Be7 22. b4 Bxh4 23. bxc5 Nxc5 24. d4 Ne4 25. c4 Nc3+ 26. Kc2 Nxd1 27.
d5 Qc3+ 28. Kb1 Qb2# 0-1

[Event "Tournoi Skype 028B"]
[Site "Skype"]
[Date "????.??.??"]
[Round "4.65"]
[White "Guevara, Lizbeth"]
[Black "Schuh, David"]
[Result "0-1"]
[WhiteElo "1000"]
[BlackElo "1057"]
[PlyCount "50"]

1. e4 e5 2. Bc4 Nf6 3. Nf3 h6 4. d4 exd4 5. Bxf7+ Kxf7 6. Ne5+ Kg8 7. Qxd4 Nc6
8. Qc4+ d5 9. Qc3 Bb4 10. O-O Bxc3 11. Nxc3 Nxe5 12. f3 dxe4 13. Bf4 Qe7 14.
Bxe5 Qxe5 15. Na4 exf3 16. Rxf3 Bd7 17. b3 Bxa4 18. bxa4 Rd8 19. Raf1 Rd2 20.
h3 Rxc2 21. Rd3 Qe2 22. Rd8+ Kh7 23. Rxh8+ Kxh8 24. Rf2 Qxf2+ 25. Kh2 Qxg2# 0-1

[Event "Tournoi Skype 028B"]
[Site "Skype"]
[Date "????.??.??"]
[Round "4.66"]
[White "Gagnon, Sindy"]
[Black "Martins, Rodrigo Baldo"]
[Result "1-0"]
[WhiteElo "1043"]
[BlackElo "1000"]
[PlyCount "93"]

1. e4 c5 2. c3 e6 3. d4 Nc6 4. Nf3 Nf6 5. Bd3 Bd6 6. O-O O-O 7. Be3 Ng4 8. Bg5
Bxh2+ 9. Kh1 Qc7 10. g3 Qb6 11. Qc2 cxd4 12. Kg2 d6 13. Rh1 dxc3 14. bxc3 Nce5
15. Nxh2 Nxd3 16. Nxg4 Nf4+ 17. Bxf4 e5 18. Be3 Bxg4 19. Bxb6 axb6 20. Nd2 f5
21. Nc4 f4 22. Nxb6 Ra6 23. Nc4 Be6 24. Nb2 f3+ 25. Kf1 b5 26. c4 Rc6 27. a4
bxc4 28. a5 d5 29. exd5 g6 30. dxc6 Bc8 31. Nxc4 Rf6 32. c7 Rc6 33. Qa4 Rxc7
34. Nb6 Ba6+ 35. Ke1 Be2 36. Na8 Rc8 37. Nb6 Rd8 38. Nd7 e4 39. a6 Re8 40. a7
Kf7 41. a8=Q Re7 42. Qf8+ Ke6 43. Qf6+ Kd5 44. Qxe7 Bb5 45. Qa8+ Kd4 46. Ra3 e3
47. Qee4# 1-0

[Event "Tournoi Skype 028B"]
[Site "Skype"]
[Date "????.??.??"]
[Round "4.67"]
[White "Marty, Yvette"]
[Black "Chamorro Cajina, Ivan Antonio"]
[Result "0-1"]
[WhiteElo "1000"]
[BlackElo "1000"]
[PlyCount "28"]

1. e4 d5 2. Nc3 d4 3. Nce2 e5 4. d3 Na6 5. c3 dxc3 6. Nxc3 Be6 7. Qe2 Nc5 8.
Nf3 Qf6 9. Nd5 Bxd5 10. exd5 O-O-O 11. Nxe5 Rxd5 12. Nf3 Nxd3+ 13. Kd1 Nf4+ 14.
Nd4 Nxe2 0-1

[Event "Tournoi Skype 028B"]
[Site "Skype"]
[Date "????.??.??"]
[Round "4.68"]
[White "Duenas Luna, Carlos Eduardo"]
[Black "Nakamura, Seiichi"]
[Result "0-1"]
[WhiteElo "1000"]
[BlackElo "1000"]
[PlyCount "72"]

1. e4 c6 2. Bc4 d5 3. exd5 cxd5 4. Bb3 Nc6 5. d3 Nf6 6. Bg5 h6 7. Bxf6 gxf6 8.
Nc3 e6 9. Nf3 Bd7 10. O-O a6 11. Re1 Qc7 12. Nxd5 Qd6 13. Nxf6+ Kd8 14. Ne4 Qf4
15. Nc5 Bxc5 16. Qd2 Qxd2 17. Nxd2 Rg8 18. Ne4 Bb6 19. Nd6 Kc7 20. Nxf7 Rg7 21.
Ne5 Nxe5 22. Rxe5 Rf8 23. Re2 e5 24. c3 Bh3 25. g3 Rh8 26. Rae1 Rf8 27. Bc2 h5
28. b4 h4 29. a4 hxg3 30. hxg3 Rxg3+ 31. Kh2 Rxf2+ 32. Rxf2 Bxf2 33. Rxe5 Bd7
34. d4 Rxc3 35. Bf5 Bxd4 36. b5 Bxe5+ 0-1

[Event "Tournoi Skype 028B"]
[Site "Skype"]
[Date "????.??.??"]
[Round "4.70"]
[White "Rodriguez, Gisselle"]
[Black "Fuentes, Francisco"]
[Result "1-0"]
[WhiteElo "1000"]
[BlackElo "1000"]
[PlyCount "43"]

1. d4 d5 2. Bf4 Nc6 3. Qd3 Nf6 4. Nd2 e6 5. e3 Bb4 6. Rd1 Bxd2+ 7. Rxd2 O-O 8.
Be2 Qe7 9. a3 e5 10. Bg5 exd4 11. exd4 Ne5 12. Qb5 Bg4 13. Bxg4 Nfxg4 14. Bxe7
Rfc8 15. dxe5 a6 16. Qxb7 Re8 17. Qxc7 Rxe7 18. Qxe7 Rb8 19. Rxd5 g6 20. Nh3
Rxb2 21. Rd8+ Kg7 22. Qf8# 1-0

[Event "Tournoi Skype 028B"]
[Site "Skype"]
[Date "????.??.??"]
[Round "5.1"]
[White "Amato, Ludovica"]
[Black "Cabrera Sosa, Marco Vinicio"]
[Result "0-1"]
[WhiteElo "1346"]
[BlackElo "1364"]
[PlyCount "54"]

1. e4 b6 2. Nc3 e6 3. Bc4 Bb7 4. Nf3 Bb4 5. Qe2 Bxc3 6. dxc3 Ne7 7. Bd3 d6 8.
O-O Nbc6 9. Bf4 Ng6 10. Bg3 e5 11. Rfe1 O-O 12. Rad1 Nce7 13. Nh4 Qd7 14. Nxg6
Nxg6 15. Bc4 Kh8 16. Rf1 Qe7 17. Rde1 Rad8 18. f4 exf4 19. Bxf4 Nxf4 20. Rxf4
Bc8 21. e5 d5 22. Ba6 Bd7 23. Rd4 c6 24. c4 Be6 25. cxd5 Rxd5 26. Rxd5 Bxd5 27.
Bc4 Qc5+ 0-1

[Event "Tournoi Skype 028B"]
[Site "Skype"]
[Date "????.??.??"]
[Round "5.2"]
[White "Alarcon Alarcon, Florentina"]
[Black "Contreras, Leidy Tatiana"]
[Result "1-0"]
[WhiteElo "1363"]
[BlackElo "1355"]
[PlyCount "87"]

1. e4 d5 2. exd5 Qxd5 3. Nc3 Qa5 4. d4 Bf5 5. Nf3 c6 6. Bc4 e6 7. Bd2 Nf6 8.
Ne4 Qd8 9. Nxf6+ Qxf6 10. Bc3 Qg6 11. Bb3 Be7 12. Qe2 O-O 13. O-O-O Nd7 14.
Rhg1 Nb6 15. h3 Be4 16. g4 a5 17. a4 Nd5 18. Bd2 Nb4 19. Bxb4 Bxb4 20. Rg3 Bd6
21. Ne5 Qg5+ 22. Kb1 Bxe5 23. dxe5 Qxe5 24. Re3 Rad8 25. Rxd8 Rxd8 26. Rxe4 Qh2
27. Re3 Qh1+ 28. Ka2 Rd1 29. Bc4 b5 30. axb5 cxb5 31. Bxb5 Ra1+ 32. Kb3 Qd5+
33. Qc4 Qb7 34. Rd3 a4+ 35. Kb4 Qe7+ 36. Qc5 Qxc5+ 37. Kxc5 f5 38. gxf5 exf5
39. Bc4+ Kf8 40. Rd7 Ke8 41. Rxg7 Rb1 42. Kd6 Rd1+ 43. Bd5 Kf8 44. Rg8# 1-0

[Event "Tournoi Skype 028B"]
[Site "Skype"]
[Date "????.??.??"]
[Round "5.3"]
[White "San Isidro, Josep"]
[Black "Urda, Carlos Mario"]
[Result "1-0"]
[WhiteElo "1406"]
[BlackElo "1000"]
[PlyCount "77"]

1. d4 c5 2. e3 cxd4 3. exd4 Nf6 4. Nf3 Nc6 5. c3 d6 6. Bd3 Bg4 7. O-O e5 8.
dxe5 Nxe5 9. Re1 Be7 10. Be2 Bxf3 11. Bxf3 O-O 12. Bxb7 Rb8 13. Ba6 Qb6 14. Be2
d5 15. b3 Bc5 16. Rf1 Ne4 17. Qe1 d4 18. Bb2 d3 19. Bd1 f5 20. Nd2 Nxd2 21.
Qxd2 Rbd8 22. c4 Ng4 23. Bxg4 fxg4 24. Rad1 Bd4 25. Bxd4 Qxd4 26. Rfe1 Rf6 27.
Re3 Rfd6 28. Rde1 Kf8 29. Re4 Qf6 30. Rf4 Qxf4 31. Qxf4+ Rf6 32. Qd2 Kf7 33.
Re3 Re6 34. Kf1 Rxe3 35. fxe3 Ke6 36. Ke1 Ke5 37. Qc3+ Ke4 38. Kd2 g5 39. c5
1-0

[Event "Tournoi Skype 028B"]
[Site "Skype"]
[Date "????.??.??"]
[Round "5.4"]
[White "Loaisiga Perez, Carlos Alberto"]
[Black "Bendre, Pankaj"]
[Result "0-1"]
[WhiteElo "1374"]
[BlackElo "1182"]
[PlyCount "78"]

1. e4 e6 2. d4 d5 3. e5 c5 4. c3 Nc6 5. Nf3 Qb6 6. Bd3 Bd7 7. Bc2 Nge7 8. O-O
Ng6 9. Re1 Be7 10. Bxg6 hxg6 11. a3 c4 12. Nbd2 Na5 13. Rb1 Nb3 14. Nxb3 cxb3
15. Nd2 Ba4 16. Nf3 Bc6 17. Be3 a5 18. Nd2 a4 19. c4 Qc7 20. cxd5 Bxd5 21. Bf4
Qb6 22. Ne4 Qc6 23. Rc1 Qd7 24. Nc3 g5 25. Bg3 b5 26. Nxd5 Qxd5 27. Re3 O-O 28.
f4 Rad8 29. Rd3 Qe4 30. Qd2 gxf4 31. Bxf4 f5 32. exf6 Bxf6 33. Be3 Be5 34. Rd1
Bd6 35. Bg5 Rc8 36. Rh3 Rc2 37. Qxc2 Qxc2 38. Rc1 Qf2+ 39. Kh1 Qf1+ 0-1

[Event "Tournoi Skype 028B"]
[Site "Skype"]
[Date "????.??.??"]
[Round "5.5"]
[White "Santos, Cleidilan"]
[Black "Loaisiga, Jose Manuel"]
[Result "1-0"]
[WhiteElo "1000"]
[BlackElo "1336"]
[PlyCount "177"]

1. d4 Nf6 2. Bf4 d5 3. h3 e6 4. e3 Bd6 5. Bxd6 Qxd6 6. c3 c5 7. Nf3 Nc6 8. Bd3
e5 9. dxe5 Nxe5 10. Nxe5 Qxe5 11. O-O O-O 12. Re1 Bg4 13. Qb3 Rad8 14. hxg4
Nxg4 15. Be2 Qh5 16. Bxg4 Qxg4 17. Nd2 Rfe8 18. Qxb7 Re5 19. Nf3 Rf5 20. Qc7
Re8 21. Qd7 Kf8 22. Qd6+ Kg8 23. Nh2 Qh4 24. Qd7 Rfe5 25. Nf3 Qe7 26. Qxe7
R5xe7 27. Rad1 Rd8 28. g3 h6 29. Kg2 g5 30. Rh1 Kg7 31. Rh5 f6 32. Rdh1 Rh8 33.
Rd1 Rd8 34. e4 Rxe4 35. Nd2 Re2 36. Nb3 c4 37. Nd4 Re4 38. Rdh1 Rh8 39. Nf5+
Kg6 40. Nd6 Re6 41. Nb5 a6 42. Nd4 Rb6 43. b3 a5 44. R5h2 Ra6 45. bxc4 dxc4 46.
Ra1 Rb8 47. Rhh1 Rab6 48. Rhc1 Rb2 49. a4 Rd2 50. Rcb1 Rd8 51. Rb5 Ra8 52. Rc5
Rd3 53. Rxc4 Rd8 54. Rb1 Rd5 55. Rc8 Rd2 56. Rb7 Rd6 57. g4 f5 58. gxf5+ Kh5
59. Rh8 Rf6 60. Rc7 Rd3 61. Rc5 Kg4 62. Ra8 h5 63. Raxa5 h4 64. Kh2 Rd2 65. Kg1
h3 66. Ra8 Kf4 67. Re8 g4 68. Ne2+ Kg5 69. a5 Rd1+ 70. Kh2 Rf1 71. Kg3 Rh1 72.
Rg8+ Kh6 73. Rc7 Rxf5 74. Rh8+ Kg5 75. Rg7+ Kf6 76. Rf8+ Ke6 77. Nf4+ Ke5 78.
Re7+ Kd6 79. Re6+ Kd7 80. Rxf5 h2 81. Rf7+ Kd8 82. Ng6 Rg1+ 83. Kxh2 g3+ 84.
fxg3 Rd1 85. Ree7 Kc8 86. a6 Rd2+ 87. Kh3 Rd6 88. a7 Rxg6 89. a8=Q# 1-0

[Event "Tournoi Skype 028B"]
[Site "Skype"]
[Date "????.??.??"]
[Round "5.6"]
[White "Vaswani, Manohar"]
[Black "Morales Rubiella, Albert"]
[Result "0-1"]
[WhiteElo "1000"]
[BlackElo "1419"]
[PlyCount "78"]

1. e4 e5 2. Nf3 Nc6 3. Bc4 Bc5 4. d3 Nf6 5. Bg5 h6 6. Bh4 g5 7. Bg3 d6 8. c3
Bg4 9. Nbd2 Qd7 10. Qc2 Bb6 11. Bb5 a6 12. Ba4 Ba7 13. d4 b5 14. dxe5 dxe5 15.
Bb3 O-O-O 16. Rd1 Qe7 17. a3 Rd7 18. Bd5 Nxd5 19. exd5 Rxd5 20. c4 Rd6 21. cxb5
axb5 22. O-O Nd4 23. Qe4 Bxf3 24. gxf3 f6 25. Nb1 Re8 26. Nc3 f5 27. Qa8+ Bb8
28. Rfe1 f4 29. Nd5 Qf7 30. Rc1 Rxd5 31. a4 fxg3 32. Re3 gxh2+ 33. Kxh2 Nxf3+
34. Kg2 Nh4+ 35. Kf1 Rf8 36. Re2 g4 37. Ke1 g3 38. Qa6+ Kd8 39. Rcc2 g2 0-1